Centenari de Goethe a Catalunya : sessió de clausura sessió de clausura
Descripción Física:
1 díptic ; 21 cm
MARC
| LEADER | 00000nam a2200000Ia 4500 | ||
|---|---|---|---|
| 001 | 16216 | ||
| 008 | 160829s1933] xx 000 0 cat d | ||
| 080 | |a RF-14-42 | ||
| 245 | |a Centenari de Goethe a Catalunya : |b sessió de clausura | ||
| 260 | |a [Barcelona : |b Generalitat de Catalunya, |c 1933] | ||
| 300 | |a 1 díptic ; |c 21 cm | ||
| 590 | |a Abans del títol: Generalitat de Catalunya ; Universitat de Barcelona. | ||
| 590 | |a Conté una xilografia del bust de Goethe. | ||
| 590 | |a Prové de 4169, exp. 37 | ||
| 650 | |a Goethe, Johann Wolfgang von |x Aniversaris, etc. |9 43322 | ||
| 710 | 2 | |a Universitat de Barcelona |9 51297 | |
| 710 | 1 | |a Catalunya. |b Generalitat |9 12125 | |
| 856 | 4 | |u https://media.diba.cat/diba/fitxers/arxiu/fulletons/bib_16216_1933_baixa.pdf |y Accés lliure | |
| 856 | 4 | |u https://media.diba.cat/diba/fitxers/arxiu/fulletons/bib_16216_1933_baixa.pdf |y Accés lliure | |
| 901 | |a Arxiu | ||
| 942 | |n 1 |2 udc | ||
| 952 | |0 0 |1 0 |4 0 |6 RF1442 |7 1 |9 51333 |a Arxiu |b Arxiu |d 2016-12-01 |l 0 |o RF-14-42 |p 16216 |r 2016-12-01 00:00:00 |w 2016-12-01 |y ARXIU | ||
| 999 | |c 55177 |d 55177 | ||
| 900 | |a bib_16216_1933_baixa.pdf | ||